00428 2200181 4500001002100000005001500021035002000036008004100056245003600097100001200133250000600145260003500151300001200186084001400198082000800212650001400220990001200234INLIS00000000000046620240430112434 a0010-0424000442240430 0 ind 1 aMembuat Aplikasi CBT /cAgus N. aAgus N. a1 aYogyakarta :bLokomedia,c2017 a197 hlm a600 AGU m a600 4aNon Fiksi a0726392